A bíblia (Record no. 73946)

MARC details
000 -LÍDER
campo de controle de tamanho fixo 00319 a2200157 4500
001 - NÚMERO DE CONTROLE
campo de controle 73946
020 ## - ISBN - INTERNATIONAL STANDARD BOOK NUMBER
ISBN - International Standard Book Number 8478387420
040 ## - FONTE DA CATALOGAÇÃO
Instituição que transcreveu o registro Anchieta - Colégio São Paulo
100 ## - ENTRADA PRINCIPAL--NOME PESSOAL
Nome pessoal Rogerson, John
240 10 - TÍTULO UNIFORME
Título uniforme A bíblia
Idioma da obra Esp
245 10 - TÍTULO
Título A bíblia
300 ## - DESCRIÇÃO FÍSICA
Extensão 124
362 0# - DATAS DE PUBLICAÇÃO E/OU DESIGNAÇÃO SEQUENCIAL
Datas de publicação e/ou designação sequencial 1996
650 #4 - ASSUNTO--TERMO TÓPICO
Cabeçalho tópico ou nome geográfico Bíblia
942 ## - ELEMENTOS DE ENTRADA ADICIONADOS (KOHA)
Tipo de material Koha Livros
Holdings
Situação do descarte Situação das perdas Situação física Não pode ser emprestado Biblioteca de origem Biblioteca atual Data de aquisição Total de empréstimos Número de chamada completo Código de barras Data de último acesso Data do preço efetivo Tipo de material Koha
        Colégio São Paulo Colégio São Paulo 22/11/2023   222 R731 4352/CSP 22/11/2023 22/11/2023 Livros